000 00779nam a2200277Ia 4500
001 Para_1585
003 CHAP
008 220125s1977 xx 000 0 und d
010 _a204464
040 _cCHAP
082 _aPA 589.2 G8
100 _aGuzmán, Gastón
_952040
245 _aIdentificación de los hongos comestibles, venenosos, alucinantes y destructores de la madera /
_c por Gastón Guzmán
260 _aMéxico, D.F. :
_b Limusa
300 _a452 p.
650 _aHongos alucinogenos
_956123
650 _aHongos venenosos
_956138
650 _aSetas
_9105368
901 _aPA 589.2 G8
902 _aA
905 _a0000001977 a 0000000000 00
910 _a1977
942 _cPARA
942 _cPARA
_d1
999 _c204464
_d204464